[Event "Marcussi mem corr T"]
[Site "corr"]
[Date "1996.??.??"]
[Round "?"]
[White "Veinger, Itzhak"]
[Black "Rause, Olita"]
[Result "1/2-1/2"]
[WhiteElo "2597"]
[BlackElo "2622"]
[PlyCount "62"]
[EventDate "1996.??.??"]
[EventType "tourn (corr)"]
[EventRounds "17"]
[EventCountry "ARG"]
[EventCategory "12"]
[Source "Fruth,M"]
[SourceDate "2003.05.15"]

1. e4 e5 2. Nf3 Nc6 3. Bc4 Nf6 4. Ng5 d5 5. exd5 b5 6. Bf1 h6 7. Nxf7 Kxf7 8.
dxc6 Bc5 9. Be2 h5 10. d4 Qxd4 11. O-O Qxd1 12. Rxd1 Bg4 13. Re1 Bxe2 14. Rxe2
Rad8 15. Nd2 Rd6 16. Kf1 Bb6 17. a4 a6 18. axb5 axb5 19. c4 b4 20. Rxe5 Ng4 21.
Rb5 Nxh2+ 22. Kg1 Ng4 23. c5 Re8 24. g3 Rd5 25. Rxb6 Rxc5 26. Rxb4 Re1+ 27. Kg2
Rcxc1 28. Rxc1 Rxc1 29. Rc4 Rxc4 30. Nxc4 Ke6 31. f3 Nf6 1/2-1/2

[Event "RUS-Cup6"]
[Site "Krasnodar"]
[Date "1997.??.??"]
[Round "8"]
[White "Nadyrhanov, Sergey"]
[Black "Obukhov, Alexander"]
[Result "0-1"]
[WhiteElo "2480"]
[BlackElo "2415"]
[PlyCount "60"]
[EventDate "1997.03.11"]
[EventType "swiss"]
[EventRounds "9"]
[EventCountry "RUS"]
[Source "Fruth,M"]
[SourceDate "2003.05.15"]

1. e4 e5 2. Nf3 Nc6 3. Bc4 Nf6 4. Ng5 d5 5. exd5 b5 6. Bf1 Nxd5 7. Bxb5 Bb7 8.
d4 exd4 9. O-O Qf6 10. Qf3 Nde7 11. c3 h6 12. Qxf6 gxf6 13. Ne4 O-O-O 14. Nxf6
d3 15. Rd1 Ne5 16. f4 a6 17. Ba4 N5g6 18. Nd2 Nd5 19. Nxd5 Bc5+ 20. Kf1 Bxd5
21. b4 Be3 22. Bb3 Nxf4 23. Bxd5 Rxd5 24. c4 Rf5 25. Nf3 Nxg2 26. Rxd3 Rg8 27.
Bxe3 Rxf3+ 28. Ke2 Rh3 29. Kf1 Re8 30. Kf2 Nxe3 0-1

[Event "Dresden ZMD op"]
[Site "Dresden"]
[Date "2006.08.13"]
[Round "9"]
[White "Pirrot, Dieter"]
[Black "Karpatchev, Aleksandr"]
[Result "0-1"]
[WhiteElo "2407"]
[BlackElo "2533"]
[PlyCount "60"]
[EventDate "2006.08.05"]
[EventType "swiss"]
[EventRounds "9"]
[EventCountry "GER"]
[Source "ChessBase"]
[SourceDate "2006.09.14"]

1. e4 e5 2. Nf3 Nc6 3. Bc4 Nf6 4. Ng5 d5 5. exd5 b5 6. Bf1 Nd4 7. c3 Nxd5 8.
cxd4 Qxg5 9. Bxb5+ Kd8 10. O-O exd4 11. Bc6 Rb8 12. d3 Nf4 13. Qf3 Bd6 14. g3
Nh3+ 15. Kg2 Qg6 16. Na3 h5 17. Nc4 h4 18. Nxd6 cxd6 19. Bd2 Rxb2 20. Ba5+ Ke7
21. Qe4+ Qxe4+ 22. Bxe4 Ng5 23. Rfe1 Be6 24. gxh4 Rxh4 25. Rab1 Bh3+ 26. Kg1
Rg4+ 27. Kh1 Rxb1 28. Rxb1 Nxe4 29. Rb7+ Ke6 30. dxe4 Bg2+ 0-1

[Event "GM Multicoms"]
[Site "Paris FRA"]
[Date "2006.12.18"]
[Round "6"]
[White "Abergel, T."]
[Black "Fressinet, L."]
[Result "1/2-1/2"]
[WhiteElo "2474"]
[BlackElo "2640"]
[PlyCount "96"]
[EventDate "2006.12.13"]
[SourceDate "1999.07.01"]

1. e4 e5 2. Nf3 Nc6 3. Bc4 Nf6 4. Ng5 d5 5. exd5 b5 6. Bxb5 Qxd5 7. Be2 Nd4 8.
Nf3 Bd6 9. d3 O-O 10. O-O Bb7 11. c4 Qc6 12. Be3 Nxe2+ 13. Qxe2 e4 14. dxe4
Nxe4 15. Nd4 Qd7 16. Nd2 Rfe8 17. Rad1 Nf6 18. Nb5 Be5 19. Nf3 Qc6 20. Nbd4 Qe4
21. Qd3 Qg4 22. h3 Qh5 23. Nxe5 Rxe5 24. Bf4 Re7 25. Qf5 Qg6 26. Qxg6 hxg6 27.
b3 a6 28. Rfe1 Rae8 29. Rxe7 Rxe7 30. Be3 Ne4 31. Nf3 Bc6 32. Bf4 f6 33. Rd8+
Kf7 34. Rc8 g5 35. Rxc7 gxf4 36. Rxc6 Rd7 37. Kf1 Rd1+ 38. Ne1 Rd2 39. Rxa6
Rxf2+ 40. Kg1 Rd2 41. Ra7+ Kf8 42. Ra8+ Kf7 43. Ra7+ Kf8 44. b4 g5 45. b5 Rd1
46. Kf1 Ng3+ 47. Kf2 Ne4+ 48. Kf1 Ng3+ 1/2-1/2

[Event "TCh-ISR"]
[Site "Israel ISR"]
[Date "2008.01.04"]
[Round "2"]
[White "Nabaty, T."]
[Black "Kaplan, S."]
[Result "1/2-1/2"]
[WhiteElo "2428"]
[BlackElo "2428"]
[PlyCount "99"]
[EventDate "2008.04.01"]
[SourceDate "1999.07.01"]

1. e4 e5 2. Nf3 Nc6 3. Bc4 Nf6 4. Ng5 d5 5. exd5 b5 6. Bf1 h6 7. Nxf7 Kxf7 8.
dxc6 Qd6 9. Nc3 Qxc6 10. Qe2 a6 11. a4 Bd7 12. axb5 axb5 13. Rxa8 Qxa8 14. Nxb5
Bd6 15. Qf3 Bc6 16. Qg3 g5 17. Bc4+ Kg7 18. Nxd6 cxd6 19. O-O Nh5 20. Qg4 Nf4
21. d4 Rf8 22. d5 Bxd5 23. Bxd5 Qxd5 24. Rd1 Qc6 25. c3 Rf6 26. Bxf4 Rxf4 27.
Qe2 Rf7 28. Qd3 Rb7 29. Qxd6 Qxd6 30. Rxd6 Rxb2 31. Kf1 Rc2 32. Rc6 h5 33. c4
g4 34. h4 gxh3 35. gxh3 e4 36. h4 Rc3 37. Rc5 Kg6 38. Rg5+ Kh6 39. c5 e3 40. f3
Rc2 41. Re5 Rf2+ 42. Ke1 Rc2 43. Re6+ Kg7 44. c6 Rc4 45. Ke2 Rxh4 46. c7 Rc4
47. Re7+ Kf6 48. Rh7 Kg6 49. Rd7 Rc3 50. Rd6+ 1/2-1/2

[Event "XXVI Belgrade Trophy 2012"]
[Site "Belgrade SRB"]
[Date "2012.12.01"]
[Round "8.2"]
[White "Kislinsky, A."]
[Black "Stojanovic, Da"]
[Result "1/2-1/2"]
[WhiteElo "2556"]
[BlackElo "2488"]
[PlyCount "20"]
[EventDate "2012.11.24"]
[SourceDate "1999.07.01"]

1. e4 e5 2. Nf3 Nc6 3. Bc4 Nf6 4. Ng5 d5 5. exd5 b5 6. Bf1 h6 7. dxc6 hxg5 8.
d4 exd4 9. Qe2+ Be7 10. Bxg5 O-O 1/2-1/2

[Event "23rd Czech Open A"]
[Site "Pardubice CZE"]
[Date "2012.07.21"]
[Round "2.2"]
[White "Kravtsiv, M."]
[Black "Biolek, R1."]
[Result "1-0"]
[WhiteElo "2582"]
[BlackElo "2404"]
[PlyCount "65"]
[EventDate "2012.07.12"]
[SourceDate "1999.07.01"]

1. e4 e5 2. Nf3 Nc6 3. Bc4 Nf6 4. Ng5 d5 5. exd5 b5 6. Bf1 Nd4 7. c3 Nxd5 8.
cxd4 Qxg5 9. Bxb5+ Kd8 10. O-O exd4 11. Bc6 Rb8 12. d3 Qf5 13. Re1 Bd6 14. Nd2
Rb6 15. Bxd5 Qxd5 16. Nc4 Rb5 17. Bd2 Bb7 18. f3 Bc6 19. Rc1 Re8 20. Re4 Bd7
21. a4 Rb7 22. Qc2 h6 23. b4 f5 24. Rxe8+ Kxe8 25. b5 Kf7 26. Re1 Be6 27. Qc1
Rb8 28. Nxd6+ Qxd6 29. Bf4 Qd7 30. Qc5 Re8 31. Qxa7 Bb3 32. Rc1 Re7 33. Rxc7
1-0